[Event "World Rapid Team 2023"]
[Site "Dusseldorf GER"]
[Date "2023.08.28"]
[Round "10.6"]
[Board "1"]
[White "Moussard, Jules"]
[Black "Jobava, Baadur"]
[Result "0-1"]
[WhiteTitle "GM"]
[BlackTitle "GM"]
[WhiteElo "2661"]
[BlackElo "2574"]
[WhiteTeam "Chessbrah OFM"]
[BlackTeam "Columbus Energy KingsOfChess Krakow"]
[WhiteFideId "642908"]
[BlackFideId "13601520"]
[EventDate "2023.08.26"]

1. e4 c5 2. Nf3 e6 3. g3 d6 4. Bg2 Nf6 5. Qe2 Be7 6. O-O O-O 7. c3 b6 8. d3 Bb7
9. Nbd2 Re8 10. h3 Bf8 11. Nh2 e5 12. Ng4 Nbd7 13. Ne3 g6 14. b4 cxb4 15. cxb4
d5 16. a3 d4 17. Ng4 Nxg4 18. hxg4 a5 19. bxa5 bxa5 20. Nc4 Ba6 21. Bd2 Bxc4 22.
dxc4 Rb8 23. Qe1 a4 24. Bb4 Qc7 25. Bxf8 Rxf8 26. Qc1 Rb3 27. Qg5 Qd6 28. Kh2
Rxa3 29. f4 Rxa1 30. Rxa1 Ra8 31. f5 a3 32. Qh6 a2 33. Qd2 Qa3 34. Kh3 Nc5 35.
Qh6 Qe3 36. Qh4 Nxe4 37. Bxe4 Qxe4 38. Qh6 Qe3 39. Qh4 g5 40. Qh6 Ra3 41. Rg1
a1=Q 42. f6 Qxg3+ 0-1

[Event "World Rapid Team 2023"]
[Site "Dusseldorf GER"]
[Date "2023.08.28"]
[Round "10.6"]
[Board "2"]
[White "Pakleza, Zbigniew"]
[Black "Van Foreest, Jorden"]
[Result "1-0"]
[WhiteTitle "GM"]
[BlackTitle "GM"]
[WhiteElo "2482"]
[BlackElo "2697"]
[WhiteTeam "Columbus Energy KingsOfChess Krakow"]
[BlackTeam "Chessbrah OFM"]
[WhiteFideId "1119290"]
[BlackFideId "1039784"]
[EventDate "2023.08.26"]

1. d4 d5 2. Bf4 c5 3. e3 cxd4 4. exd4 Nc6 5. c3 f6 6. Nf3 Qb6 7. Qb3 Qxb3 8.
axb3 g5 9. Bg3 h5 10. h4 g4 11. Ng1 Nh6 12. Bd3 Bf5 13. Kd2 Bxd3 14. Kxd3 Nf5
15. Ne2 e5 16. dxe5 fxe5 17. b4 e4+ 18. Kc2 Rc8 19. Kb3 a6 20. Rd1 d4 21. Nd2 e3
22. Ne4 Bg7 23. fxe3 O-O 24. Nd6 Nxe3 25. Nxc8 Nxd1 26. Rxd1 Rxc8 27. Nxd4 Rd8
28. Kc4 Ne7 29. Re1 Kf7 30. Be5 Rc8+ 31. Kb3 Ng6 32. Bxg7 Kxg7 33. g3 Kf7 34. b5
axb5 35. Kb4 Ne7 36. Kxb5 Ra8 37. Re5 Ra2 38. b4 Rg2 39. Rxh5 Nc8 40. Nf5 Kf6
41. Rg5 Na7+ 42. Kb6 Nc6 43. Ne3 Rxg3 44. Nxg4+ Ke6 45. Kxb7 Rxc3 46. Rc5 Nd8+
47. Kb6 Rd3 48. Rc4 Rd6+ 49. Kb5 Rd5+ 50. Ka4 Nb7 51. Ne3 Re5 52. Rc3 Re4 53. h5
Rh4 54. Rc6+ Kd7 55. Rh6 Nd6 56. Rxd6+ 1-0

[Event "World Rapid Team 2023"]
[Site "Dusseldorf GER"]
[Date "2023.08.28"]
[Round "10.6"]
[Board "3"]
[White "Saric, Ivan"]
[Black "Teclaf, Pawel"]
[Result "1/2-1/2"]
[WhiteTitle "GM"]
[BlackTitle "IM"]
[WhiteElo "2657"]
[BlackElo "2586"]
[WhiteTeam "Chessbrah OFM"]
[BlackTeam "Columbus Energy KingsOfChess Krakow"]
[WhiteFideId "14508150"]
[BlackFideId "1185934"]
[EventDate "2023.08.26"]

1. e4 e5 2. Nf3 Nf6 3. Nxe5 d6 4. Nf3 Nxe4 5. d4 d5 6. Bd3 Bf5 7. O-O Be7 8.
Nbd2 O-O 9. Re1 Nd6 10. Bxf5 Nxf5 11. Nf1 c6 12. Qd3 Nd6 13. Ng3 Na6 14. Bd2 Nc7
15. Re2 Re8 16. Rae1 f6 17. Nh4 Qd7 18. Nhf5 Bf8 19. Bf4 Rxe2 20. Rxe2 Re8 21.
Bxd6 Bxd6 22. Rxe8+ Nxe8 23. h4 Bf8 24. h5 Qe6 25. Kf1 Bb4 26. c3 Bf8 27. b3 Bd6
28. Ne2 Bc7 29. c4 Nd6 30. Ne3 dxc4 31. bxc4 Ne4 32. f3 Ng3+ 33. Nxg3 Bxg3 34.
Qe4 Kf7 35. Ke2 g6 36. hxg6+ hxg6 37. Qxe6+ Kxe6 38. Kd3 Bf4 1/2-1/2

[Event "World Rapid Team 2023"]
[Site "Dusseldorf GER"]
[Date "2023.08.28"]
[Round "10.6"]
[Board "4"]
[White "Gumularz, Szymon"]
[Black "Tari, Aryan"]
[Result "1/2-1/2"]
[WhiteTitle "GM"]
[BlackTitle "GM"]
[WhiteElo "2588"]
[BlackElo "2629"]
[WhiteTeam "Columbus Energy KingsOfChess Krakow"]
[BlackTeam "Chessbrah OFM"]
[WhiteFideId "1188062"]
[BlackFideId "1510045"]
[EventDate "2023.08.26"]

1. e4 e5 2. Nf3 Nc6 3. Bb5 Nf6 4. d3 Bc5 5. Nbd2 Nd4 6. Nxd4 Bxd4 7. c3 Bb6 8.
d4 c6 9. dxe5 cxb5 10. exf6 Qxf6 11. O-O O-O 12. Nf3 d6 13. Qd3 Bg4 14. Rd1 Rae8
15. a4 bxa4 16. Rxa4 Qg6 17. Bf4 Bc5 18. Bg3 Bd7 19. Raa1 Bc6 20. b4 Bxe4 21.
Qf1 Bb6 22. Rxd6 Qg4 23. Nd4 Qc8 24. Nb5 Bc6 25. Nxa7 Bxa7 26. Rxa7 Bb5 27. Qc1
Ba6 28. h3 Re4 29. Qd2 h5 30. Rd4 Re2 31. Qc1 Rfe8 32. Kh2 Re1 33. Qc2 Bb5 34.
Ra5 R1e2 35. Rd2 Rxd2 36. Qxd2 Qc6 37. Ra1 Qg6 38. Qd4 Bc6 39. c4 Re4 40. Qd8+
Re8 41. Qd6 Qe4 42. f3 Qxc4 43. h4 Qc2 44. Qc5 Qxc5 45. bxc5 Re2 46. Kg1 Kh7 47.
Re1 Rxe1+ 1/2-1/2

[Event "World Rapid Team 2023"]
[Site "Dusseldorf GER"]
[Date "2023.08.28"]
[Round "10.6"]
[Board "5"]
[White "Khademalsharieh, Sarasadat"]
[Black "Kulon, Klaudia"]
[Result "1-0"]
[WhiteTitle "IM"]
[BlackTitle "IM"]
[WhiteElo "2488"]
[BlackElo "2320"]
[WhiteTeam "Chessbrah OFM"]
[BlackTeam "Columbus Energy KingsOfChess Krakow"]
[WhiteFideId "12512214"]
[BlackFideId "1131044"]
[EventDate "2023.08.26"]

1. Nf3 Nf6 2. c4 e6 3. e3 d5 4. Nc3 c5 5. cxd5 exd5 6. Bb5+ Bd7 7. Bxd7+ Nbxd7
8. Qb3 Nb6 9. a4 Rb8 10. a5 Nc8 11. Ne5 Bd6 12. Qa4+ Kf8 13. d4 Qe7 14. f4 cxd4
15. exd4 g6 16. O-O Kg7 17. Bd2 Rd8 18. Rae1 b5 19. axb6 Nxb6 20. Qd1 Bxe5 21.
fxe5 Ne4 22. Nxe4 dxe4 23. Rxe4 Nc4 24. Bc1 Nxb2 25. Qd2 Qb7 26. Qh6+ Kg8 27.
Rh4 f5 28. Bxb2 Qg7 29. Bc1 Qxh6 30. Bxh6 Rb4 31. e6 Re8 32. Re1 g5 33. Bxg5 Kg7
34. d5 1-0

[Event "World Rapid Team 2023"]
[Site "Dusseldorf GER"]
[Date "2023.08.28"]
[Round "10.7"]
[Board "1"]
[White "Lubbe, Nikolas"]
[Black "Dominguez Perez, Leinier"]
[Result "0-1"]
[WhiteTitle "IM"]
[BlackTitle "GM"]
[WhiteElo "2501"]
[BlackElo "2739"]
[WhiteTeam "Team Chessemy.com"]
[BlackTeam "Chess Pensioners"]
[WhiteFideId "4694031"]
[BlackFideId "3503240"]
[EventDate "2023.08.26"]

1. d4 Nf6 2. Nf3 d5 3. c4 e6 4. e3 b6 5. b3 Bb7 6. Bd3 Nbd7 7. O-O Bd6 8. cxd5
exd5 9. Ba3 c5 10. Nc3 O-O 11. Rc1 Re8 12. Qe2 a6 13. Rfd1 Qe7 14. Bb2 g6 15.
Qc2 Rac8 16. Qe2 Ra8 17. Qc2 cxd4 18. Nxd4 Ne5 19. Bf1 Rac8 20. Qe2 h5 21. g3 h4
22. Bg2 hxg3 23. hxg3 b5 24. Nb1 Ne4 25. Rxc8 Rxc8 26. Rc1 Rxc1+ 27. Bxc1 Bc8
28. Qc2 Bb7 29. Nc3 Ng4 30. Nxd5 Bxd5 31. Qc8+ Kh7 32. Qxg4 Nf6 33. Qh4+ Kg7 34.
Bb2 Bxg2 35. Kxg2 Qe5 36. Kf1 Be7 37. Qf4 Qh5 38. Nf3 Qh1+ 39. Ng1 Qc6 40. Bd4
Kf8 41. Nf3 Nd7 42. Qh6+ Ke8 43. Qh8+ Nf8 44. Ne5 Qe4 45. Qg8 Qb1+ 46. Kg2 Qe4+
47. Kh2 Qf5 48. e4 Qe6 49. f3 Bd6 50. Ng4 Be7 51. Ne3 f5 52. Qxe6 Nxe6 53. Bb2
fxe4 54. fxe4 Nc5 55. e5 Nd3 56. Bd4 Nc1 57. Nd5 Nxa2 58. Nc7+ Kd7 59. Nxa6 Kc6
60. Nb8+ Kd5 61. Bb2 Nb4 62. Nd7 Nd3 63. Ba1 Nc1 64. Nf6+ Ke6 65. Ne4 Nxb3 66.
Bb2 Na5 67. Nd2 Bb4 68. Nf3 Nc4 69. Ba1 Bc5 70. Kh3 b4 71. Kg4 Be7 72. Kf4 Kd5
73. Kg4 b3 74. Nh4 Nxe5+ 75. Bxe5 Bxh4 0-1

[Event "World Rapid Team 2023"]
[Site "Dusseldorf GER"]
[Date "2023.08.28"]
[Round "10.7"]
[Board "2"]
[White "Svidler, Peter"]
[Black "Koellner, Ruben Gideon"]
[Result "1-0"]
[WhiteTitle "GM"]
[BlackTitle "IM"]
[WhiteElo "2688"]
[BlackElo "2478"]
[WhiteTeam "Chess Pensioners"]
[BlackTeam "Team Chessemy.com"]
[WhiteFideId "4102142"]
[BlackFideId "12993093"]
[EventDate "2023.08.26"]

1. e4 d6 2. d4 Nf6 3. Nc3 e5 4. Nf3 Nbd7 5. Bc4 Be7 6. O-O Nb6 7. Bb3 exd4 8.
Qxd4 O-O 9. a4 a5 10. Be3 Bg4 11. Nd2 Nfd7 12. Qd3 Nc5 13. Bxc5 dxc5 14. Qe3 Qd4
15. Qf4 Bd6 16. Qxg4 Qxd2 17. Rad1 Qh6 18. f4 c4 19. Ba2 Rad8 20. e5 Bb4 21. Ne4
Nxa4 22. Rxd8 Rxd8 23. Bxc4 Nxb2 24. Ba2 b5 25. e6 fxe6 26. Bxe6+ Kh8 27. Ng5
Rf8 28. Nf7+ Rxf7 29. Bxf7 Qb6+ 30. Kh1 Qb8 31. f5 Qf8 32. Qh5 Be7 33. Bg6 h6
34. f6 Bxf6 35. Qxb5 a4 36. Qxb2 1-0

[Event "World Rapid Team 2023"]
[Site "Dusseldorf GER"]
[Date "2023.08.28"]
[Round "10.7"]
[Board "4"]
[White "Sadvakasov, Darmen"]
[Black "Rafiee, Makan"]
[Result "1-0"]
[WhiteTitle "GM"]
[BlackTitle "FM"]
[WhiteElo "2629"]
[BlackElo "2279"]
[WhiteTeam "Chess Pensioners"]
[BlackTeam "Team Chessemy.com"]
[WhiteFideId "13700464"]
[BlackFideId "24609340"]
[EventDate "2023.08.26"]

1. e4 e5 2. Nf3 Nc6 3. Bb5 a6 4. Ba4 Nf6 5. O-O Be7 6. Re1 b5 7. Bb3 O-O 8. a4
b4 9. d4 d6 10. dxe5 dxe5 11. Nbd2 Bc5 12. h3 Bb7 13. a5 Nd4 14. Bc4 Qe7 15. c3
Nxf3+ 16. Qxf3 bxc3 17. bxc3 h6 18. Nf1 Kh7 19. Ng3 g6 20. Rb1 Rab8 21. Be3 Kg7
22. Qe2 h5 23. Bg5 Qd7 24. Bxa6 Bxa6 25. Bxf6+ Kxf6 26. Qxa6+ Kg7 27. Qc4 Ba7
28. Nf1 Rfd8 29. a6 c6 30. Rb4 Rxb4 31. Qxb4 Qd3 32. Qe7 Qxc3 33. Rb1 Qc5 34.
Qxc5 Bxc5 35. Rc1 Bd4 36. Rxc6 Rb8 37. Rc2 Rb1 38. Ra2 Ba7 39. g3 f5 40. exf5
gxf5 41. Kg2 Kf6 42. Ne3 f4 43. Nd5+ Ke6 44. Nc3 Rb3 45. Ne4 f3+ 46. Kh2 Kd5 47.
Nf6+ Kd4 48. h4 e4 49. Ra4+ Kd3 50. Nxe4 Ke2 51. g4 hxg4 52. Kg3 Rb2 53. Kxg4
Bxf2 54. Nxf2 Kxf2 55. a7 1-0

[Event "World Rapid Team 2023"]
[Site "Dusseldorf GER"]
[Date "2023.08.28"]
[Round "10.7"]
[Board "5"]
[White "Lubbe, Melanie"]
[Black "Houska, Jovanka"]
[Result "1/2-1/2"]
[WhiteTitle "WGM"]
[BlackTitle "IM"]
[WhiteElo "2256"]
[BlackElo "2340"]
[WhiteTeam "Team Chessemy.com"]
[BlackTeam "Chess Pensioners"]
[WhiteFideId "4690745"]
[BlackFideId "405094"]
[EventDate "2023.08.26"]

1. e4 c6 2. d4 d5 3. Nc3 g6 4. Be3 Bg7 5. f3 e6 6. Qd2 b6 7. h4 h5 8. O-O-O Ba6
9. Nh3 Ne7 10. Ng5 Qd7 11. g4 Bxf1 12. Rdxf1 Na6 13. Ne2 c5 14. c3 cxd4 15. cxd4
Qa4 16. Kb1 Nb4 17. a3 Nbc6 18. gxh5 gxh5 19. Rhg1 Bf8 20. Nc3 Qb3 21. Rc1 Na5
22. Qc2 Qxc2+ 23. Rxc2 Nc4 24. Bf2 Bh6 25. Nb5 Bxg5 26. Rxg5 f6 27. Rg1 Kf7 28.
Ka2 a6 29. Nc3 b5 30. b3 Nd6 31. Bg3 Rhg8 32. Rcg2 Rad8 33. Bf4 Rxg2+ 34. Rxg2
Ng6 35. Bg3 Nb7 36. Rd2 Rd7 37. Ne2 Nd8 38. Rc2 e5 39. dxe5 fxe5 40. exd5 Rxd5
41. Nc3 Rd3 42. Ne4 Ne6 43. Rc3 Rxc3 44. Nxc3 Nd4 45. Nd5 Nxf3 46. Nc7 Nfxh4 47.
Nxa6 Nf3 48. Nc7 h4 49. Bxh4 Ngxh4 50. Nxb5 Ke6 51. Kb2 e4 52. Kc3 Nf5 53. a4 e3
54. Kd3 Kd5 55. Nc3+ Ke5 56. Nd1 Ne1+ 57. Ke2 Nc2 58. Nxe3 Nfxe3 59. b4 Ke4 60.
b5 Nd4+ 61. Kd2 Nc4+ 62. Kc3 Na5 63. b6 Kd5 64. b7 Ndc6 65. Kd3 Kc5 66. Ke4 Kb6
67. b8=Q+ Nxb8 68. Kd5 Nbc6 69. Kd6 Nb4 70. Ke5 Kc5 71. Ke4 Nbc6 72. Kd3 Kd5 73.
Ke3 Nc4+ 74. Kf4 N6a5 75. Kf5 Ne5 76. Kf4 Kd4 77. Kf5 Nec4 78. Kf4 Nd6 79. Kf3
Ke5 80. Ke3 Nf5+ 81. Kf3 Nd4+ 82. Ke3 Nc4+ 83. Kd3 Kd5 84. a5 Ne5+ 85. Ke3 Nc4+
86. Kf4 Ne6+ 87. Kf3 Nxa5 88. Ke3 1/2-1/2

[Event "World Rapid Team 2023"]
[Site "Dusseldorf GER"]
[Date "2023.08.28"]
[Round "10.8"]
[Board "1"]
[White "Orlov, Andrey"]
[Black "Zuferi, Enis"]
[Result "1-0"]
[WhiteTitle "GM"]
[BlackTitle "FM"]
[WhiteElo "2503"]
[BlackElo "2367"]
[WhiteTeam "Duesseldorfer Schachklub 1914/25 e.V."]
[BlackTeam "Heilbronn Hustlers"]
[WhiteFideId "4125282"]
[BlackFideId "24692530"]
[EventDate "2023.08.26"]

1. e4 c5 2. Nc3 d6 3. g3 g6 4. Bg2 Bg7 5. d3 Nc6 6. Be3 Rb8 7. Qd2 b5 8. Nge2
Nd4 9. O-O h5 10. a4 b4 11. Nd1 h4 12. f3 e6 13. Nxd4 cxd4 14. Bf2 h3 15. Bh1 b3
16. c3 Qa5 17. Be1 Ne7 18. c4 Qxd2 19. Bxd2 Nc6 20. f4 Nb4 21. Bxb4 Rxb4 22. Bf3
a5 23. Nf2 Bd7 24. Bg4 e5 25. f5 Bh6 26. fxg6 fxg6 27. Bxd7+ Kxd7 28. Ng4 Kc6
29. Rf6 Be3+ 30. Kf1 Kc5 31. Ke2 Bg5 32. Rxg6 Bd8 33. Rg7 Rf8 34. Nh6 Rf6 35.
Nf5 Rb8 36. g4 Kb4 37. g5 Rf8 38. g6 Bg5 39. Rh7 d5 40. g7 Rg8 41. exd5 e4 42.
Nxd4 Rbe8 43. Ne6 exd3+ 44. Kxd3 Bf6 45. Nc7 Ra8 46. Nxa8 Rxa8 47. Rh6 Bxb2 48.
Rb6+ Kc5 49. Rb5+ Kd6 50. Rg1 Rg8 51. Rxb3 Be5 52. Rg6+ Kc7 53. c5 Bxh2 54. Kc4
Be5 55. Rxh3 1-0

[Event "World Rapid Team 2023"]
[Site "Dusseldorf GER"]
[Date "2023.08.28"]
[Round "10.8"]
[Board "2"]
[White "Wenninger, Philipp"]
[Black "Berelowitsch, Alexander"]
[Result "0-1"]
[BlackTitle "GM"]
[WhiteElo "2374"]
[BlackElo "2492"]
[WhiteTeam "Heilbronn Hustlers"]
[BlackTeam "Duesseldorfer Schachklub 1914/25 e.V."]
[WhiteFideId "4648404"]
[BlackFideId "14101440"]
[EventDate "2023.08.26"]

1. d4 d5 2. c4 e6 3. Nc3 c5 4. cxd5 exd5 5. Nf3 Nc6 6. g3 Nf6 7. Bg2 Be7 8. O-O
O-O 9. b3 Bg4 10. dxc5 Bxc5 11. Bb2 a6 12. h3 Bh5 13. g4 Bg6 14. e3 Ba7 15. Rc1
Re8 16. Nh4 d4 17. exd4 Bxd4 18. Nxg6 hxg6 19. Qd2 Qd6 20. Rcd1 Rad8 21. Qc1 Qe5
22. Kh1 Qc5 23. f4 Be3 24. Qb1 Bd2 25. Nd5 Rxd5 26. Bxf6 gxf6 27. Bxd5 Qxd5+ 28.
Kg1 Re2 29. Rf2 Qd4 30. Rf1 Be3 0-1

[Event "World Rapid Team 2023"]
[Site "Dusseldorf GER"]
[Date "2023.08.28"]
[Round "10.8"]
[Board "3"]
[White "Levin, Felix"]
[Black "Peng, Xiang-Tobias"]
[Result "1-0"]
[WhiteTitle "GM"]
[WhiteElo "2459"]
[BlackElo "2119"]
[WhiteTeam "Duesseldorfer Schachklub 1914/25 e.V."]
[BlackTeam "Heilbronn Hustlers"]
[WhiteFideId "4650905"]
[BlackFideId "12964328"]
[EventDate "2023.08.26"]

1. d4 Nf6 2. Nf3 d5 3. Bf4 e6 4. e3 Bd6 5. Bg3 c5 6. dxc5 Bxg3 7. hxg3 Qa5+ 8.
Nbd2 Qxc5 9. c4 Nc6 10. a3 O-O 11. Rc1 Rd8 12. Qc2 e5 13. Nb3 Qe7 14. cxd5 e4
15. dxc6 exf3 16. c7 Rd6 17. Rh4 Bd7 18. gxf3 Rc8 19. Bd3 g6 20. Na5 Nd5 21. Be2
Rxc7 22. Rc4 Rxc4 23. Nxc4 Rc6 24. Qd2 Be6 25. Na5 Rd6 26. Qd4 b6 27. Nc4 Rd8
28. Rd1 Rc8 29. Ne5 Qc5 30. Qxc5 Rxc5 31. Nd3 Rc2 32. Rc1 Rxc1+ 33. Nxc1 h5 34.
e4 Nc7 35. f4 Bd7 36. Nd3 Bc6 37. f3 Ne6 38. Kd2 Kf8 39. Ne5 Bb7 40. Bc4 Nd8 41.
Ke3 Kg7 42. b4 f6 43. Nd3 Bc6 44. Nb2 Kf8 45. Nd1 Nb7 46. Nc3 Nd6 47. Bd3 Kf7
48. Ne2 Bb5 49. Bxb5 Nxb5 50. a4 Nd6 51. Kd4 Ke6 52. Nc3 Nc8 53. Nb5 g5 54. fxg5
fxg5 55. Nc7+ Kf7 56. Ke5 Kg6 57. Nd5 h4 58. gxh4 gxh4 59. Nf4+ Kf7 60. Nh3 Ke7
61. f4 Nd6 62. Kd5 Kd7 63. f5 b5 64. axb5 Nxb5 65. e5 Nc3+ 66. Kd4 Ne2+ 67. Kc5
Ng3 68. f6 Ne4+ 69. Kd4 Ng3 70. Kd5 Nf5 71. e6+ Ke8 72. Ke5 Ne3 73. Ng5 Ng4+ 74.
Kf5 Ne3+ 75. Kg6 Nd5 76. Kg7 1-0

[Event "World Rapid Team 2023"]
[Site "Dusseldorf GER"]
[Date "2023.08.28"]
[Round "10.8"]
[Board "4"]
[White "Geshnizjani, Ramin"]
[Black "Braun, Christian2"]
[Result "0-1"]
[BlackTitle "IM"]
[WhiteElo "2141"]
[BlackElo "2427"]
[WhiteTeam "Heilbronn Hustlers"]
[BlackTeam "Duesseldorfer Schachklub 1914/25 e.V."]
[WhiteFideId "24633089"]
[BlackFideId "4692098"]
[EventDate "2023.08.26"]

1. e4 e6 2. d4 d5 3. Nd2 Be7 4. Ngf3 Nf6 5. e5 Nfd7 6. Bd3 c5 7. c3 Nc6 8. O-O
g5 9. Qe2 b6 10. Qe3 h5 11. Ne1 g4 12. f4 cxd4 13. Qe2 dxc3 14. bxc3 Nc5 15. Nb3
Nxd3 16. Nxd3 d4 17. cxd4 Qd5 18. Bb2 Bb7 19. f5 O-O-O 20. Nf4 Qd7 21. d5 exd5
22. e6 fxe6 23. fxe6 Qd6 24. Bxh8 Rxh8 25. Ng6 Re8 26. Nxe7+ Qxe7 27. Rad1 Qxe6
28. Qxe6+ Rxe6 29. Rxd5 h4 30. Rf8+ Kc7 31. Kf2 Ne5 32. Rd2 Re7 33. Nd4 a6 34.
Nf5 g3+ 35. hxg3 Ng4+ 36. Kf1 Re5 37. Rf7+ Kb8 38. Rf8+ Ka7 39. Nxh4 Bd5 40. Rf4
Bc4+ 41. Rxc4 Ne3+ 42. Kf2 Nxc4 43. Rd7+ Kb8 44. Nf3 Ra5 45. g4 Rxa2+ 46. Kg3
Ne3 47. g5 Rxg2+ 48. Kf4 Nc4 49. Nd4 Kc8 50. Ra7 a5 51. Kf5 Nd6+ 52. Ke6 Nb7 53.
Kf6 Rf2+ 54. Ke6 Rg2 55. Kf6 Rf2+ 56. Ke6 Nd8+ 57. Kd6 Rd2 58. Ra8+ Kb7 59. Rxd8
Rxd4+ 60. Ke7 Rg4 61. Kf6 a4 62. g6 b5 63. g7 a3 64. Rd3 b4 65. Rd4 a2 66. Rxg4
a1=Q+ 67. Kf7 Qf1+ 68. Kg6 Qd3+ 69. Kg5 Qd5+ 70. Kh6 Qe6+ 71. Rg6 Qg8 72. Rf6 b3
73. Rf8 Qe6+ 74. Kh7 b2 75. g8=Q b1=Q+ 76. Kg7 Qeg6+ 77. Kh8 Qh6+ 0-1

[Event "World Rapid Team 2023"]
[Site "Dusseldorf GER"]
[Date "2023.08.28"]
[Round "10.8"]
[Board "5"]
[White "Zatonskih, Anna"]
[Black "Schaefer, Daniel"]
[Result "1-0"]
[WhiteTitle "IM"]
[WhiteElo "2364"]
[BlackElo "1884"]
[WhiteTeam "Duesseldorfer Schachklub 1914/25 e.V."]
[BlackTeam "Heilbronn Hustlers"]
[WhiteFideId "14101572"]
[BlackFideId "16235088"]
[EventDate "2023.08.26"]

1. d4 d5 2. c4 e6 3. Nc3 c6 4. e4 dxe4 5. Nxe4 Bb4+ 6. Nc3 c5 7. Nf3 Nf6 8. Be2
Nc6 9. Be3 Ng4 10. Bg5 Nf6 11. a3 Bxc3+ 12. bxc3 Qa5 13. d5 Ne7 14. O-O Ne4 15.
Bxe7 Kxe7 16. Bd3 Nf6 17. dxe6 Bxe6 18. Re1 Rhe8 19. Qc2 h6 20. Rab1 Qc7 21. Bf5
Kf8 22. Bxe6 Rxe6 23. Rxe6 fxe6 24. Qe2 Re8 25. Ne5 b6 26. f4 Kg8 27. h3 Nd7 28.
Nd3 e5 29. fxe5 Re6 30. Re1 Kh8 31. Qe4 Nf8 32. Qa8 Qd7 33. Qxf8+ Kh7 34. Qf5+
Kg8 35. Qe4 1-0

[Event "World Rapid Team 2023"]
[Site "Dusseldorf GER"]
[Date "2023.08.28"]
[Round "10.8"]
[Board "6"]
[White "Spiegelberg, Silvia"]
[Black "Rudolph, Eva"]
[Result "0-1"]
[WhiteElo "1934"]
[BlackElo "1793"]
[WhiteTeam "Heilbronn Hustlers"]
[BlackTeam "Duesseldorfer Schachklub 1914/25 e.V."]
[WhiteFideId "24654450"]
[BlackFideId "16200594"]
[EventDate "2023.08.26"]

1. e4 c5 2. Nf3 e6 3. d4 cxd4 4. Nxd4 a6 5. c4 Nf6 6. Nc3 Qc7 7. a3 Nc6 8. Be3
Be7 9. Be2 O-O 10. O-O d6 11. Rc1 Nd7 12. b4 Nxd4 13. Bxd4 b6 14. f3 Bb7 15. Qe1
Bf6 16. Be3 Rac8 17. Qf2 Rfe8 18. Rfd1 Be7 19. Na4 Bd8 20. Qg3 Be7 21. Bd4 e5
22. Be3 Bc6 23. Nc3 Qb8 24. Nd5 Bxd5 25. Rxd5 Nf6 26. Rdd1 b5 27. Qf2 Qb7 28.
cxb5 axb5 29. Qf1 Rxc1 30. Rxc1 Ra8 31. Rc3 Rb8 32. Qc1 Ne8 33. Rc6 Qa8 34. Bxb5
Rxb5 35. Rc8 Rb8 36. Rxb8 Qxb8 37. Qc6 Kf8 38. b5 Qc7 39. Qa6 Qc3 40. Qa7 Qe1# 0-1

[Event "World Rapid Team 2023"]
[Site "Dusseldorf GER"]
[Date "2023.08.28"]
[Round "10.9"]
[Board "1"]
[White "So, Wesley"]
[Black "Sargissian, Gabriel"]
[Result "1/2-1/2"]
[WhiteTitle "GM"]
[BlackTitle "GM"]
[WhiteElo "2769"]
[BlackElo "2692"]
[WhiteTeam "WR Chess"]
[BlackTeam "Armenia"]
[WhiteFideId "5202213"]
[BlackFideId "13300881"]
[EventDate "2023.08.26"]

1. e4 e5 2. Nf3 Nc6 3. Bb5 a6 4. Ba4 Nf6 5. O-O Be7 6. Re1 b5 7. Bb3 O-O 8. a4
b4 9. a5 d6 10. d3 Be6 11. Bxe6 fxe6 12. Nbd2 Rb8 13. Nb3 Qc8 14. h3 h6 15. Be3
Rb5 16. c3 bxc3 17. bxc3 Qd7 18. Nbd2 d5 19. exd5 exd5 20. d4 e4 21. Ne5 Qe6 22.
Ng6 Rfb8 23. Nxe7+ Nxe7 24. Bf4 Ng6 25. Bg3 R8b7 26. c4 Rb2 27. cxd5 Qxd5 28.
Nf1 R2b4 29. Ne3 Qxd4 30. Qe2 Qd3 31. Qa2+ Qb3 32. Qd2 Qd3 33. Qa2+ Qb3 34.
Qxb3+ Rxb3 35. Rec1 Ne7 36. Bxc7 Ned5 37. Bb6 Nxb6 38. axb6 1/2-1/2

[Event "World Rapid Team 2023"]
[Site "Dusseldorf GER"]
[Date "2023.08.28"]
[Round "10.9"]
[Board "2"]
[White "Martirosyan, Haik M."]
[Black "Nepomniachtchi, Ian"]
[Result "1-0"]
[WhiteTitle "GM"]
[BlackTitle "GM"]
[WhiteElo "2683"]
[BlackElo "2779"]
[WhiteTeam "Armenia"]
[BlackTeam "WR Chess"]
[WhiteFideId "13306553"]
[BlackFideId "4168119"]
[EventDate "2023.08.26"]

1. d4 Nf6 2. c4 e6 3. Nf3 d5 4. Nc3 c5 5. cxd5 cxd4 6. Qxd4 exd5 7. e4 dxe4 8.
Qxd8+ Kxd8 9. Ng5 Be6 10. a3 Nbd7 11. Ncxe4 Nxe4 12. Nxe4 h6 13. Bf4 g5 14. Bd2
Bg7 15. O-O-O Rc8+ 16. Kb1 Bb3 17. Bb5 Rc7 18. Rc1 Bd5 19. f3 Rxc1+ 20. Rxc1 a6
21. Bd3 Be5 22. h3 Re8 23. Bb4 Re6 24. Rd1 Bb3 25. Rh1 Bf4 26. h4 f5 27. Nc3
gxh4 28. Bxf5 Re5 29. Be4 Rg5 30. Ne2 Be3 31. f4 Rg7 32. Rh3 Nf6 33. Bc3 Nxe4
34. Bxg7 Nd2+ 35. Ka1 Nf1 36. Rf3 1-0

[Event "World Rapid Team 2023"]
[Site "Dusseldorf GER"]
[Date "2023.08.28"]
[Round "10.9"]
[Board "5"]
[White "Kosteniuk, Alexandra"]
[Black "Danielian, Elina"]
[Result "1-0"]
[WhiteTitle "GM"]
[BlackTitle "GM"]
[WhiteElo "2532"]
[BlackElo "2416"]
[WhiteTeam "WR Chess"]
[BlackTeam "Armenia"]
[WhiteFideId "4128125"]
[BlackFideId "13300210"]
[EventDate "2023.08.26"]

1. e4 c6 2. Nc3 d5 3. Nf3 Bg4 4. h3 Bxf3 5. Qxf3 e6 6. g3 Nd7 7. d4 Bb4 8. Bg2
dxe4 9. Qxe4 Ngf6 10. Qd3 O-O 11. O-O Qc7 12. Ne2 Bd6 13. c4 c5 14. Qb3 Rab8 15.
Be3 a6 16. a4 Rfd8 17. Rfd1 b6 18. Qc2 Rbc8 19. Rac1 h6 20. b3 Qb8 21. Qb2 Qc7
22. Rc2 Nb8 23. Rcd2 Nc6 24. dxc5 Bxc5 25. Rxd8+ Rxd8 26. Rxd8+ Nxd8 27. Bxh6
Qd6 28. Bd2 Nc6 29. Bc3 Qd1+ 30. Kh2 Bxf2 31. Bxc6 Nh5 32. Qd2 Qxb3 33. Bf3 Nf6
34. Qg5 Kf8 35. Qf4 Kg8 36. Bxf6 gxf6 37. Qxf6 Bc5 38. Bh5 1-0